000 00287nam a22001097a 4500
008 170111b xxu||||| |||| 00| 0 eng d
020 _a187802809X
041 _aeng
080 _22ND
_a618.2
245 _aADULT NURSE PRACTITIONER CERTIFICATION REVIEW GUIDE
_cMILLONIG, V.L
942 _2udc
_cBK
999 _c2700
_d2700